Concurrent Engineering Fundamentals Integrated Product and Process Organization Vol-1 (Record no. 23712)
[ view plain ]
| 000 -LEADER | |
|---|---|
| fixed length control field | 00483nam a22001097a 4500 |
| 003 - CONTROL NUMBER IDENTIFIER | |
| control field | NUST |
| 005 - DATE AND TIME OF LATEST TRANSACTION | |
| control field | 20170606122548.0 |
| 008 - FIXED-LENGTH DATA ELEMENTS--GENERAL INFORMATION | |
| fixed length control field | 140101b xxu||||| |||| 00| 0 eng d |
| 020 ## - INTERNATIONAL STANDARD BOOK NUMBER | |
| International Standard Book Number | 0131474634 |
| Terms of availability | Available |
| 040 ## - CATALOGING SOURCE | |
| Original cataloging agency | DLC |
| Language of cataloging | DLC |
| Transcribing agency | RCMS |
| 082 ## - DEWEY DECIMAL CLASSIFICATION NUMBER | |
| Classification number | 670.4 PRA |
| Author Mark | 002516 |
| 100 ## - MAIN ENTRY--PERSONAL NAME | |
| Personal name | Biren Prasad |
| 9 (RLIN) | 2068 |
| 245 ## - TITLE STATEMENT | |
| Title | Concurrent Engineering Fundamentals Integrated Product and Process Organization Vol-1 |
| Statement of responsibility, etc. | Prasad Biren |
| 260 ## - PUBLICATION, DISTRIBUTION, ETC. | |
| Place of publication, distribution, etc. | New Jersey |
| Name of publisher, distributor, etc. | Prentice-Hall |
| Date of publication, distribution, etc. | c1996 |
| 300 ## - PHYSICAL DESCRIPTION | |
| Extent | xxix,478,p: |
| Other physical details | ill: |
| Dimensions | 22,cm. |
| 440 ## - SERIES STATEMENT/ADDED ENTRY--TITLE | |
| Title | Prentice Hall International Series in Industrial and Systems Engineering |
| 9 (RLIN) | 2069 |
| 500 ## - GENERAL NOTE | |
| General note | Includes bibliographical reference and index. |
| 538 ## - SYSTEM DETAILS NOTE | |
| Display text | Shelf No 1 Row No 3 |
| 651 ## - SUBJECT ADDED ENTRY--GEOGRAPHIC NAME | |
| General subdivision | 1. Production engineering. 2. Concurrent engineering. 2.Design |
| 9 (RLIN) | 2070 |
| 856 ## - ELECTRONIC LOCATION AND ACCESS | |
| Materials specified | Table of Content Only |
| 942 ## - ADDED ENTRY ELEMENTS (KOHA) | |
| Source of classification or shelving scheme | |
| Koha item type | Book |
| Withdrawn status | Lost status | Source of classification or shelving scheme | Damaged status | Not for loan | Permanent Location | Current Location | Date acquired | Total Checkouts | Full call number | Barcode | Date last seen | Price effective from | Koha item type |
|---|---|---|---|---|---|---|---|---|---|---|---|---|---|
| Central Library (CL) | Central Library (CL) | 01/01/2014 | 670.4PRA | RCMS002516 | 01/01/2014 | 01/01/2014 | Book |
